000 00646nam a2200241Ia 4500
003 OSt
005 20220918201949.0
006 a|||||r|||| 00| 0
007 ta
008 220917b |||||||| |||| 00| 0 eng d
024 _a97,758
037 _cTextual
040 _aARTS
_cARTS
_beng
041 _2eng
_aeng
082 _aV2:2:D, K8-;2
100 _aBeni Prasad
245 0 _aTheory of government in Ancient India
250 _a2nd edited by Amba Datt Pant
260 _aAllahabad
_bCentrarl Book Depot India
_c1968
650 _aHISTORY
942 _hV2:2:D, K8-;2
_cTEXL
_2CC
999 _c221352
_d221352